000 00788nam a22002297a 4500
005 20100724125315.0
010 _aENG-96505
020 _a9780070706958
_c275.00
020 _a0070706956
_c275.00
035 _aEN-80038
037 _bDBAD/PUB
082 _a305.407
100 _aLetherby, Gayle
_91227
245 _aFeminist Research In Theroy And Practice /
_cby Gayle Letherby
250 _a2010
260 _aNew Delhi
_bTata McGraw Hill
_c2010
270 _a7 West Patel Nagar
_bNew Delhi
_e110008
300 _ax,193p.
_c22cm (pbk)
500 _aincludes indexes and refrences
942 _2ddc
_cEN
_h305.407
_mLET
999 _c37544
_d37544